000 01281nam0a2200349 i 4500
001 RU\NLR\BIBL_A\010741207
005 20240726101453.0
010 _a9785389058415
_97000
021 _aRU
_b2015-18813
_91123
035 _a(NILC)RuMoRGB-007889377
035 _a(NLR Aleph) 010741207
090 _a9904122
_c9904122
100 _a20150429d2015 b y0rusy50 ca
101 1 _arus
_cfre
102 _aRU
105 _aa|||z|||000ay
200 1 _aМаленький Белый Кролик ложится спать
_e[занимательные истории
_eдля дошкольного возраста
_fМэри-Франс Флури, Фабьенн Буанар
_gпер. с фр. А. Головановой]
210 _aМосква
_cМахаон
_d2015
215 _a[20] с.
_cцв. ил.
_d19
225 1 _aСерия "Маленький Белый Кролик"
300 _aАвт. указаны на обл.
333 _a0+
686 0 _aШ9(4Фр)60-4
700 1 _aФлури
_bМ.-Ф.
_gМэри-Франс
701 1 _aБуанар
_bФ.
_gФабьенн
801 0 _aRU
_bРГБ
_c20150318
_gRCR
942 _cBOOK
980 _aNBR